Welcome to CU Library Online Public Access Catalogue (OPAC)

Culture and development in Africa : (Record no. 1938)

MARC details
000 -LEADER
fixed length control field 00628cam a2200193 a 4500
001 - CONTROL NUMBER
control field 13617669
005 - DATE AND TIME OF LATEST TRANSACTION
control field 20241203121449.0
008 - FIXED-LENGTH DATA ELEMENTS--GENERAL INFORMATION
fixed length control field 040322m20029999gh ab b 000 0 eng
020 ## - INTERNATIONAL STANDARD BOOK NUMBER
International Standard Book Number 9988008430 (v. 1)
050 00 - LIBRARY OF CONGRESS CALL NUMBER
Classification number GN645
Item number .A93 2002
082 00 - DEWEY DECIMAL CLASSIFICATION NUMBER
Classification number 306.096
Edition information 22
100 1# - MAIN ENTRY--PERSONAL NAME
Personal name Awedoba, A. K.
245 10 - TITLE STATEMENT
Title Culture and development in Africa :
Remainder of title with special reference to Ghana /
Statement of responsibility, etc. A.K. Awedoba.
260 ## - PUBLICATION, DISTRIBUTION, ETC.
Place of publication, distribution, etc. Legon [Ghana] :
Name of publisher, distributor, etc. Institute of African Studies, University of Ghana, Legon,
Date of publication, distribution, etc. 2002-
300 ## - PHYSICAL DESCRIPTION
Extent v. <1 > :
Other physical details ill., maps ;
Dimensions 24 cm.
650 #0 - SUBJECT ADDED ENTRY--TOPICAL TERM
Topical term or geographic name entry element Ethnology
Geographic subdivision Africa.
650 #0 - SUBJECT ADDED ENTRY--TOPICAL TERM
Topical term or geographic name entry element Ethnology
Geographic subdivision Ghana.
942 ## - ADDED ENTRY ELEMENTS (KOHA)
Source of classification or shelving scheme Library of Congress Classification
Koha item type Books
Suppress in OPAC No
999 ## -
-- 1938
-- 1938
Holdings
Withdrawn status Lost status Source of classification or shelving scheme Damaged status Not for loan Collection Home library Current library Shelving location Date acquired Total checkouts Full call number Barcode Date last seen Copy number Price effective from Koha item type
    Library of Congress Classification     Non-fiction Graduate Library (Christ Temple) Graduate Library (Christ Temple) General stacks 12/03/2024   GN 645 AWE GSCT00000228 12/03/2024 1 12/03/2024 Books
    Library of Congress Classification     Non-fiction Undergraduate Library (Christ Temple) Undergraduate Library (Christ Temple) General stacks 05/28/2025   GN645.A93 AWE ulct00002695 05/28/2025 1 05/28/2025 Books
    Library of Congress Classification     Non-fiction Undergraduate Library (Christ Temple) Undergraduate Library (Christ Temple) General stacks 09/11/2025   GN645.A93 AWE ulct00004719 09/11/2025 1 08/15/2025 Books
© 2023-2024 Copyright: Central University Libraries. All Rights Reserved | Created by: Mahone Tech Office